[Event "Xtracon Invite Chess 2020"]
[Site "Vaerloese"]
[Date "2020.01.18"]
[Round "8.3"]
[White "Antonsen, Mikkel"]
[Black "Kristensen, Kaare Hove"]
[Result "1/2-1/2"]
[WhiteElo "2384"]
[BlackElo "2350"]
[Annotator "ChessBase"]
[PlyCount "100"]
[EventDate "2020.01.13"]
[EventType "tourn"]
[EventCountry "DEN"]
[SourceTitle "playchess.com"]
[Source "ChessBase"]
[SourceQuality "1"]
[TimeControl "40/5400+30:1800+30"]

1. Nf3 {[%emt 0:00:00]} Nf6 {[%emt 0:00:25]} 2. g3 {[%emt 0:00:00]} c5 {[%emt 0:00:52]} 3. Bg2 {[%emt 0:00:00]} Nc6 {[%emt 0:01:00]} 4. O-O {[%emt 0:02:54]} d5 {[%emt 0:00:34]} 5. d4 {[%emt 0:00:15]} e6 {[%emt 0:00:58]} 6. c4 {[%emt 0:00:07]} dxc4 {[%emt 0:00:27]} 7. dxc5 {[%emt 0:00:51]} Qxd1 {[%emt 0:00:28]} 8. Rxd1 {[%emt 0:00:05]} Bxc5 {[%emt 0:00:18]} 9. Nbd2 {[%emt 0:00:04]} c3 {[%emt 0:00:31]} 10. bxc3 {[%emt 0:00:06]} O-O {[%emt 0:00:41]} 11. Nb3 {[%emt 0:00:16]} Be7 {[%emt 0:00:12]} 12. c4 {[%emt 0:00:07]} Bd7 {[%emt 0:06:05]} 13. Bb2 {[%emt 0:02:50]} Rfd8 {[%emt 0:03:00]} 14. Nfd4 {[%emt 0:00:08]} Rac8 {[%emt 0:05:31]} 15. Nb5 {[%emt 0:00:06]} Be8 {[%emt 0:12:51]} 16. c5 {[%emt 0:02:38]} Nb4 {[%emt 0:29:11]} 17. Nd6 {[%emt 0:07:11]} Bxd6 {[%emt 0:00:50]} 18. cxd6 {[%emt 0:00:21]} Bc6 {[%emt 0:01:52]} 19. Rac1 {[%emt 0:13:21]} Bxg2 {[%emt 0:03:35]} 20. Kxg2 {[%emt 0:00:20]} Rxc1 {[%emt 0:10:41]} 21. Rxc1 {[%emt 0:00:32]} h6 {[%emt 0:10:08]} 22. e4 {[%emt 0:08:01]} Nd3 {[%emt 0:02:34]} 23. Bxf6 {[%emt 0:01:31]} gxf6 {[%emt 0:00:18]} 24. Rc7 {[%emt 0:02:11]} Rxd6 {[%emt 0:00:35]} 25. Rxb7 {[%emt 0:00:09]} Ra6 {[%emt 0:00:16]} 26. Rd7 {[%emt 0:00:08]} Nb4 {[%emt 0:02:10]} 27. Rd4 {[%emt 0:00:31]} Nxa2 {[%emt 0:01:06]} 28. Nc5 {[%emt 0:00:11]} Rc6 {[%emt 0:01:42]} 29. Nd3 {[%emt 0:00:28]} Nc3 {[%emt 0:01:31]} 30. e5 {[%emt 0:02:39]} fxe5 {[%emt 0:00:37]} 31. Rd8+ {[%emt 0:00:04]} Kg7 {[%emt 0:00:29]} 32. Rd7 {[%emt 0:00:04]} Kf6 {[%emt 0:01:59]} 33. Rxf7+ {[%emt 0:00:12]} Kxf7 {[%emt 0:00:05]} 34. Nxe5+ {[%emt 0:00:06]} Kf6 {[%emt 0:02:26]} 35. Nxc6 {[%emt 0:00:04]} a6 {[%emt 0:00:12]} 36. f4 {[%emt 0:00:12]} Nd5 {[%emt 0:00:55]} 37. Kf3 {[%emt 0:00:11]} Ne7 {[%emt 0:00:32]} 38. Na5 {[%emt 0:00:14]} h5 {[%emt 0:00:26]} 39. g4 {[%emt 0:00:43]} hxg4+ {[%emt 0:00:39]} 40. Kxg4 {[%emt 0:00:05]} Nf5 {[%emt 0:00:35]} 41. h4 {[%emt 0:30:16]} Kg6 {[%emt 0:11:32]} 42. Nc4 {[%emt 0:00:00]} Nh6+ {[%emt 0:01:12]} 43. Kf3 {[%emt 0:00:00]} Nf5 {[%emt 0:03:12]} 44. Kg4 {[%emt 0:00:00]} Ne7 {[%emt 0:03:36]} 45. Kf3 {[%emt 0:00:00]} Nc6 {[%emt 0:02:24]} 46. Ke4 {[%emt 0:00:00]} a5 {[%emt 0:02:03]} 47. h5+ {[%emt 0:00:00]} Kf6 {[%emt 0:04:04]} 48. h6 {[%emt 0:00:00]} a4 {[%emt 0:01:14]} 49. h7 {[%emt 0:00:00]} Kg7 {[%emt 0:00:18]} 50. f5 {[%emt 0:00:00]} exf5+ 1/2-1/2

[Event "Xtracon Invite Chess 2020"]
[Site "Vaerloese"]
[Date "2020.01.18"]
[Round "8.4"]
[White "Hector, Jonny"]
[Black "Olsen, Filip Boe"]
[Result "1/2-1/2"]
[WhiteElo "2481"]
[BlackElo "2353"]
[Annotator "TA"]
[PlyCount "82"]
[EventDate "2020.01.13"]
[EventType "tourn"]
[EventCountry "DEN"]
[SourceTitle "playchess.com"]
[Source "ChessBase"]
[SourceQuality "1"]

{[%evp 13,82,-15,36,5,30,40,45,36,25,21,22,0,0,-18,-19,-27,0,0,-8,0,5,3,0,0,0,-75,-77,-80,0,-8,0,0,37,0,0,0,0,0,0,0,0,-29,0,-58,0,0,22,-3,0,0,0,-44,-30,-59,0,-66,0,-52,0,0,0,0,0,0,0,0,0,0,0,0,0]} 1. e4 c5 2. Nf3 d6 3. d4 cxd4 4. Nxd4 Nf6 5. Nc3 a6 6. Bg5 Nbd7 7. f4 Qc7 (7... e5 $11 8. Nb3 Be7) 8. Qf3 {B94: Sicilian Najdorf: 6 Bg5 Nbd7} h6 (8... g6 9. O-O-O Bg7 10. Be2 h6 11. Bh4 Nb6 12. h3 Bd7 13. Rhe1 Bc6 14. Nxc6 bxc6 15. Bxf6 exf6 {½-½ (69) Sjugirov,S (2661)-Artemiev,V (2754) Sochi 2019}) 9. Bxf6 Nxf6 10. f5 {White is slightly better.} Qc5 11. Qd3 e5 $146 ({Predecessor:} 11... g5 12. fxg6 fxg6 13. Be2 Bd7 14. O-O-O O-O-O 15. Nb3 Qc7 {½-½ (28) Serazeev,A (2490)-Avotins,M (2453) ICCF email 2014}) 12. Nb3 Qc7 13. g4 b5 14. O-O-O Bb7 15. Be2 Be7 16. h4 b4 17. Nd5 Nxd5 18. exd5 a5 19. Qc4 (19. Nd2 $11) 19... Qxc4 $17 20. Bxc4 g5 (20... Rg8 $17) 21. h5 $11 Bd8 22. Nd2 f6 23. Rh3 Ke7 24. a3 Bb6 25. Rb3 Rhc8 26. Kb1 Bc5 $1 27. Re1 Ra7 (27... a4 $5 {[%cal Ra4b3]} 28. Rxb4 Bxb4 29. axb4 Rab8 $15) 28. Rd3 ({White should try} 28. a4 $11) 28... Bf2 ({Black should play} 28... bxa3 $15 29. bxa3 a4) 29. Re4 Rb8 30. Ka2 Bc8 31. Re2 Bg1 32. Ne4 Rc7 33. Nd2 Bc5 (33... a4 $15) 34. Re1 (34. a4 $11) 34... Bf2 (34... bxa3 $15 35. b3 {[#]} a4 $1 {[%mdl 512]}) 35. Re4 (35. Re2 $11 Bb6 36. a4) 35... Bc5 ({Better is} 35... Bd7 $15) 36. a4 {The position is equal.} Bd7 37. b3 Ba7 38. Kb2 Rbc8 39. Kc1 Bg1 40. Kd1 Bb6 41. Ke2 Rc5 {Accuracy: White = 53%, Black = 31%.} 1/2-1/2

[Event "Xtracon Invite Chess 2020"]
[Site "Vaerloese"]
[Date "2020.01.18"]
[Round "8.5"]
[White "Yankelevich, Lev"]
[Black "Sylvan, Jacob"]
[Result "1/2-1/2"]
[WhiteElo "2483"]
[BlackElo "2325"]
[Annotator "TA"]
[PlyCount "83"]
[EventDate "2020.01.13"]
[EventType "tourn"]
[EventCountry "DEN"]
[SourceTitle "playchess.com"]
[Source "ChessBase"]
[SourceQuality "1"]

{[%evp 12,83,12,16,13,18,20,20,20,16,28,21,22,26,32,21,8,17,13,3,0,-79,39,26,27,14,31,0,0,-15,-11,-19,-16,-26,-16,-12,-12,-19,-22,-50,0,-33,0,0,35,24,32,28,52,21,22,50,29,6,2,2,8,4,10,12,14,0,0,0,0,0,0,0,0,0,0,-32,-24,-38]} 1. d4 d5 2. c4 e6 3. Nc3 Nf6 4. cxd5 exd5 5. Bg5 c6 6. e3 Bd6 7. Bd3 h6 {D35: Queen's Gambit Declined: Exchange Variation} 8. Bh4 O-O 9. Qc2 a5 {The position is equal.} 10. Nge2 Na6 11. a3 Re8 12. h3 Nc7 {[%cal Ba6c7,Bc7e6,Be6g5][%mdl 32]} 13. Bg3 $146 ({Predecessor:} 13. O-O Ne6 14. f4 g5 15. Bg3 g4 {0-1 (33) Salem,A (2675)-Carlsen,M (2872) Moscow 2019}) 13... Ne6 14. O-O Ng5 15. Bxd6 Qxd6 16. Ng3 {[#]} (16. Nf4 $11) 16... b5 ({Black should try} 16... Rxe3 $1 $17 17. fxe3 Qxg3) 17. Rfe1 Rb8 18. Rab1 Bd7 19. b4 axb4 20. axb4 Ra8 21. f4 Ngh7 22. Nf1 Nf8 23. Nh2 Ra3 24. Nf3 Rea8 25. Ne5 Ne8 26. Qd2 Nc7 27. Bc2 Na6 (27... Be8 {is more complex.} 28. e4 Nfe6 29. f5 Ng5 30. h4 Nxe4 31. Bxe4 dxe4 32. Nxe4 Qd8) 28. e4 Nxb4 29. Nxb5 cxb5 30. Qxb4 Qxb4 31. Rxb4 dxe4 32. Bb3 Be8 $1 33. Rxe4 Rc8 34. Re3 {[#] Strongly threatening Bxf7+!} Ra1+ 35. Kf2 Nh7 36. Ng6 {Threatens to win with Ne7+.} Rd8 37. g4 Nf6 38. g5 Nh5 39. Ne7+ Kf8 40. d5 $1 Rb1 41. Rbe4 Rb2+ 42. Ke1 {Accuracy: White = 53%, Black = 63%.} 1/2-1/2

[Event "Xtracon Invite Chess 2020"]
[Site "Vaerloese"]
[Date "2020.01.19"]
[Round "9.2"]
[White "Kristensen, Kaare Hove"]
[Black "Brunello, Sabino"]
[Result "1-0"]
[WhiteElo "2350"]
[BlackElo "2536"]
[Annotator "ChessBase"]
[PlyCount "79"]
[EventDate "2020.01.13"]
[EventType "tourn"]
[EventCountry "DEN"]
[SourceTitle "playchess.com"]
[Source "ChessBase"]
[SourceQuality "1"]
[TimeControl "40/5400+30:1800+30"]

1. e4 {[%emt 0:00:00]} c5 {[%emt 0:00:23]} 2. Nf3 {[%emt 0:00:07]} d6 {[%emt 0:00:27]} 3. d4 {[%emt 0:00:19]} cxd4 {[%emt 0:00:05]} 4. Nxd4 {[%emt 0:00:09]} Nf6 {[%emt 0:00:03]} 5. Nc3 {[%emt 0:00:10]} e6 {[%emt 0:00:13]} 6. Be3 {[%emt 0:01:15]} Be7 {[%emt 0:02:10]} 7. f4 {[%emt 0:01:42]} a6 {[%emt 0:07:43]} 8. Qf3 {[%emt 0:01:18]} Qc7 {[%emt 0:07:55]} 9. g4 {[%emt 0:05:43]} b5 {[%emt 0:11:45]} 10. g5 {[%emt 0:02:31]} Nfd7 {[%emt 0:00:24]} 11. O-O-O {[%emt 0:04:55]} b4 {[%emt 0:09:31]} 12. Nd5 {[%emt 0:18:11]} exd5 {[%emt 0:01:00]} 13. Nf5 {[%emt 0:00:11]} dxe4 {[%emt 0:22:57]} 14. Qxe4 {[%emt 0:04:23]} Nc5 {[%emt 0:00:40]} 15. Qxe7+ {[%emt 0:14:38]} Qxe7 {[%emt 0:01:01]} 16. Nxe7 {[%emt 0:00:22]} Kxe7 {[%emt 0:01:08]} 17. Bxc5 {[%emt 0:00:14]} dxc5 {[%emt 0:01:02]} 18. Bg2 {[%emt 0:00:12]} Ra7 {[%emt 0:01:17]} 19. Rhe1+ {[%emt 0:00:59]} Be6 {[%emt 0:00:02]} 20. f5 {[%emt 0:00:32]} a5 {[%emt 0:04:56]} 21. fxe6 {[%emt 0:15:08]} fxe6 {[%emt 0:00:02]} 22. Bd5 {[%emt 0:02:43]} Ra6 {[%emt 0:00:21]} 23. Bc4 {[%emt 0:00:10]} Rb6 {[%emt 0:01:07]} 24. Rd2 {[%emt 0:02:27]} Rc8 {[%emt 0:09:51]} 25. Rde2 {[%emt 0:02:12]} Rcc6 {[%emt 0:00:40]} 26. Re3 {[%emt 0:09:27]} Rd6 {[%emt 0:08:10]} 27. b3 {[%emt 0:00:18]} Nd7 {[%emt 0:01:28]} 28. Rh3 {[%emt 0:00:17]} Nf8 {[%emt 0:01:18]} 29. Rf3 {[%emt 0:01:17]} Ng6 {[%emt 0:01:42]} 30. Rh3 {[%emt 0:00:23]} Nf8 {[%emt 0:00:40]} 31. Rf1 {[%emt 0:05:25]} Rd4 {[%emt 0:00:42]} 32. Rhf3 {[%emt 0:00:07]} Ng6 {[%emt 0:00:15]} 33. Rf7+ {[%emt 0:00:11]} Kd6 {[%emt 0:00:01]} 34. Rxg7 {[%emt 0:00:13]} Rh4 {[%emt 0:00:07]} 35. Rd1+ {[%emt 0:00:34]} Ke5 {[%emt 0:00:15]} 36. Rf7 {[%emt 0:02:22]} Rd6 {[%emt 0:04:36]} 37. Re1+ {[%emt 0:00:46]} Re4 {[%emt 0:00:04]} 38. Rxe4+ {[%emt 0:01:09]} Kxe4 {[%emt 0:00:08]} 39. Rxh7 {[%emt 0:01:49]} Nf4 {[%emt 0:00:01]} 40. g6 {[%emt 0:00:58] Kd5} 1-0

[Event "Xtracon Invite Chess 2020"]
[Site "Vaerloese"]
[Date "2020.01.19"]
[Round "9.3"]
[White "Olsen, Filip Boe"]
[Black "Yankelevich, Lev"]
[Result "0-1"]
[WhiteElo "2353"]
[BlackElo "2483"]
[Annotator "TA"]
[PlyCount "120"]
[EventDate "2020.01.13"]
[EventType "tourn"]
[EventCountry "DEN"]
[SourceTitle "playchess.com"]
[Source "ChessBase"]
[SourceQuality "1"]

{[%evp 9,120,29,32,33,33,28,38,31,27,24,29,0,0,0,0,2,9,10,0,0,0,0,6,6,16,-61,-35,-75,-79,-85,-81,-148,-110,-120,-104,-89,-16,-221,-170,-179,-193,-191,-169,-279,-258,-258,-253,-901,-890,-827,-838,-1163,-1136,-2074,-1891,-1641,-1592,-1539,-1531,-1443,-1395,-1154,-505,-502,-502,-496,-500,-490,-486,-485,-482,-465,-450,-472,-467,-802,-771,-6829,-1259,-1089,-1128,-12834,-1354,-1392,-1318,-1234,-1155,-1637,-1467,-12841,-12841,-12842,-12843,-12843,-12843,-12845,-12846,-12847,-12847,-12848,-12848,-12849,-12847,-12850,-12848,-12850,-12846,-12847,-12847,-12850,-29977,-27999,-27999]} 1. d4 Nf6 2. Bf4 c5 3. e3 Nd5 (3... Qb6 4. Nc3 cxd4 5. Qxd4 Qxb2 6. Rb1 Qa3 7. Bxb8 Rxb8 8. Rb3 Qa5 9. Rb5 Qc7 10. Rc5 Qb6 11. Qc4 Kd8 {0-1 (56) Zhang,Z (2636)-Caruana,F (2812) Douglas 2019}) 4. Bg3 Qb6 5. b3 cxd4 6. exd4 {A45: Trompowsky Attack} e6 7. c3 Bd6 $146 ({Predecessor:} 7... Nc6 8. Nf3 Be7 9. Bd3 Nf6 10. O-O d6 11. Nbd2 {1-0 (24) Bauer,C (2651)-Arun Prasad,S (2502) Nancy 2015}) 8. Nf3 {White is slightly better.} O-O 9. Bc4 Nf6 10. Nbd2 Bxg3 11. hxg3 h6 12. Bd3 d6 13. Rh4 e5 14. Kf1 Qc7 15. c4 Nc6 16. Ne4 {Hoping for Nxf6+.} Ng4 17. Nc3 (17. dxe5 $11 dxe5 18. c5) 17... f5 $1 $15 18. d5 Ne7 19. Bc2 Bd7 $40 {[%mdl 128] Black attacks with force.} 20. Nd2 (20. Nh2 $142) 20... b5 {[%cal Bb7b5,Bb5b4][%mdl 32]} 21. Qe2 b4 22. Nd1 {[#]} Nxd5 $1 {[%mdl 512]} 23. Qd3 $2 (23. Bxf5 $11 {and White stays safe.} Nxf2 24. Nxf2) (23. cxd5 Qxc2) 23... Ne7 24. Rxg4 fxg4 25. Ne3 Be6 26. Ne4 (26. Qh7+ {was called for.} Kf7 27. Kg1) 26... Nf5 27. Nxf5 Bxf5 ({Not} 27... Rxf5 28. Qxd6 Qxd6 29. Nxd6 $17) 28. Nf6+ $2 (28. Qd5+ Kh8 29. Rd1) 28... Rxf6 $19 29. Qd5+ Kh7 $1 30. Bxf5+ Rxf5 31. Qxa8 {[%mdl 4096] Endgame KQR-KQR} Qc5 {[%csl Gf5][%cal Rc5f2]} 32. f3 gxf3 33. Qe4 fxg2+ 34. Kxg2 Qf2+ 35. Kh3 {[#]} h5 (35... d5 $142 $1 36. Qg4 (36. cxd5 g6) 36... g6 37. cxd5 Rh5+ 38. Qxh5 gxh5) 36. Rd1 g5 37. g4 Qf3+ 38. Qxf3 Rxf3+ {KR-KR} 39. Kg2 Rf6 40. gxh5 Kh6 41. Kg3 Kxh5 42. Rd5 (42. Re1 $142 Rf4 43. Ra1) 42... e4 43. Ra5 Rf3+ (43... e3 $142 44. Rxa7 Re6 45. Rh7+ Kg6) 44. Kg2 Kg4 45. Rxa7 Rd3 (45... e3 $142 46. Ra8 Rf2+ 47. Kg1 Kf3 48. Rf8+ {[#]} Ke4 $1 {[%mdl 512]} 49. Re8+ Kd3) 46. Kf2 Kf4 47. Rf7+ Ke5 48. Rg7 Kd4 49. Rxg5 Rd2+ {[%mdl 64] Double Attack} 50. Ke1 Rxa2 51. Kd1 e3 52. Rd5+ Kc3 {( -> ...Rd2+)} 53. Rxd6 e2+ 54. Ke1 Kxb3 55. c5 Rc2 56. c6 Ka3 57. c7 b3 58. Ra6+ Kb2 59. Re6 Rxc7 60. Rxe2+ Kc1 {Accuracy: White = 33%, Black = 57%.} 0-1

[Event "Xtracon Invite Chess 2020"]
[Site "Vaerloese"]
[Date "2020.01.19"]
[Round "9.4"]
[White "Sveshnikov, Evgeny"]
[Black "Hector, Jonny"]
[Result "0-1"]
[WhiteElo "2481"]
[BlackElo "2481"]
[Annotator "TA"]
[PlyCount "48"]
[EventDate "2020.01.13"]
[EventType "tourn"]
[EventCountry "DEN"]
[SourceTitle "playchess.com"]
[Source "ChessBase"]
[SourceQuality "1"]

{[%evp 16,48,0,-50,-38,-60,-44,-73,-66,-72,-77,-76,32,-110,-123,-125,-106,-204,-210,-202,-203,-283,-291,-272,-221,-292,-202,-1297,-1248,-1232,-1211,-1890,-1807,-29993,-29994]} 1. e4 e5 2. Nf3 Nc6 3. d4 exd4 4. Nxd4 Nf6 5. Nxc6 bxc6 6. e5 Qe7 7. Qe2 Nd5 8. c4 Ba6 9. Qe4 Nb4 {C45: Scotch Game} (9... Nb6 10. Nc3 g6 11. c5 Bxf1 12. cxb6 f5 13. b7 Rd8 14. Qe3 Bxg2 15. Rg1 Bd5 16. Qxa7 Qxe5+ 17. Be3 Bb4 18. b8=Q Bxc3+ 19. bxc3 Qxc3+ {0-1 (37) Nataf,I (2535)-Kryvoruchko,Y (2714) Chartres 2017}) 10. Nc3 {Hoping for a3.} Rd8 $1 {...d5 is the strong threat.} 11. a3 d5 {Black is better.} 12. Qb1 $146 ({Predecessor:} 12. cxd5 cxd5 13. Qf5 Bc8 14. Qh5 Nc2+ 15. Kd1 g6 16. Bb5+ Bd7 17. Qg4 Nxa1 {0-1 (26) Renteria Becerra,J (2313)-Semprun Martinez,F (2181) Madrid 2014}) 12... Qxe5+ 13. Be2 {[#]} Bxc4 (13... d4 $1 $17 {[%cal Rd4c3]} 14. axb4 dxc3) 14. O-O {[#]} (14. axb4 $14 {is the one way to stay ahead.} Bxb4 15. O-O Bxe2 16. Re1 Bxc3 17. bxc3) 14... Bd6 $1 $17 {[%csl Gd6][%cal Re5h2]} (14... Bxe2 15. Re1 $14) 15. g3 {And now Bxc4 would win.} Bxe2 16. Nxe2 (16. Bf4 $17 Qf6 17. Nxe2) 16... Qxe2 $19 17. axb4 {With the idea Bg5.} O-O 18. Rxa7 Rfe8 (18... Bxb4 19. Rxc7 d4 20. Rxc6 $17) 19. b3 h5 ({Don't play} 19... Bxb4 20. Rxc7 d4 21. Bg5 $19) 20. Be3 h4 ({Don't take} 20... Bxb4 21. Rxc7 d4 22. Bg5 $19) ({Less strong is} 20... Rxe3 21. Ra2 $15) 21. Bc5 $2 (21. Ra2 Qf3 22. Qd1) 21... Qf3 22. Qd1 Re2 23. gxh4 Bf4 {( -> ...Qg4+)} 24. Re1 {[#]} Qh3 $1 {[%mdl 576] Double Attack. Accuracy: White = 20%, Black = 72%.} 0-1

[Event "Xtracon Invite Chess 2020"]
[Site "Vaerloese"]
[Date "2020.01.19"]
[Round "9.5"]
[White "Sylvan, Jacob"]
[Black "Antonsen, Mikkel"]
[Result "1/2-1/2"]
[WhiteElo "2325"]
[BlackElo "2384"]
[Annotator "ChessBase"]
[PlyCount "30"]
[EventDate "2020.01.13"]
[EventType "tourn"]
[EventCountry "DEN"]
[SourceTitle "playchess.com"]
[Source "ChessBase"]
[SourceQuality "1"]
[TimeControl "40/5400+30:1800+30"]

1. c4 {[%emt 0:00:00]} c5 {[%emt 0:00:00]} 2. g3 {[%emt 0:00:00]} Nc6 {[%emt 0:00:05]} 3. Bg2 {[%emt 0:00:05]} g6 {[%emt 0:00:20]} 4. Nc3 {[%emt 0:00:24]} Bg7 {[%emt 0:00:06]} 5. a3 {[%emt 0:00:13]} b6 {[%emt 0:00:17]} 6. e3 {[%emt 0:01:36]} Ba6 {[%emt 0:04:33]} 7. d3 {[%emt 0:01:56]} e6 {[%emt 0:09:34]} 8. Nge2 {[%emt 0:10:31]} Nge7 {[%emt 0:00:11]} 9. b4 {[%emt 0:02:54]} Bb7 {[%emt 0:02:21]} 10. Rb1 {[%emt 0:03:00]} Rb8 {[%emt 0:05:48]} 11. bxc5 {[%emt 0:19:24]} bxc5 {[%emt 0:00:06]} 12. Rb5 {[%emt 0:00:39]} a6 {[%emt 0:02:10]} 13. Rb1 {[%emt 0:01:00]} d5 {[%emt 0:04:40]} 14. cxd5 {[%emt 0:03:46]} exd5 {[%emt 0:00:22]} 15. d4 {[%emt 0:02:41]} c4 {[%emt 0:07:48]} 1/2-1/2